MDQL
is popping MORE tags! Check the
thread
!
Quizzes
Events
Quiz Creation
Community
Videos
Private Events
Remove Ads
Sign In
Join for FREE
Feedback
Dark Mode
Quiz Categories
Sports
Geography
Music
Movies
Television
Just For Fun
Miscellaneous
History
Literature
Language
Science
Gaming
Entertainment
Religion
Holiday
For Kids
Quiz Lab
Recent
Popular Today
Quiz Kudos Today
Editor Picks
Curator Picks
Quizzes by...
Day
Popularity
Type
Ratings
Length
Year
Community
Subscriptions
Recent Discussions
Orange Saloon
Badges
Playlists
Quests
Create
Leaderboards
Showdown
Live 5
Trivia Bingo
Activity
Puzzle Library
Sporcle Events
Private Events
Virtual Trivia
Globe League
Become a Host
Pub Owners
SporcleCon
Opinionation
Our Games
Videos
Blog
Mobile Apps
Partnerships
Remove Ads and Go Orange
Feedback
Gaming
Video Games
Board Games
Card Games
Pokémon
Mario
Nintendo
Minecraft
Console
Toys
Legend of Zelda
Gaming
Video Games
Board Games
Card Games
Pokémon
Mario
Nintendo
Minecraft
Console
Toys
Legend of Zelda
Random Quiz
Search Sporcle
×
Curator Pick
Curator Pick
Gaming
Console
Type in answers that appear in a list
Type in answers that appear in a list
Classic
Best Score? Go Orange.
The Ultimate Gameboy/GBA/DS Music Quiz Stats
Can you name the Gameboy, Gameboy Color, Gameboy Advance or DS Games that these songs belong to?
By
grapefruitking
14m
28 Questions
547 Plays
547 Plays
547 Plays
Comments
Comments
Give Quiz Kudos
Give Quiz Kudos
-
- Ratings
hide this ad
Forced Order
Answers have to be entered in order
Answers have to be entered in order
Replay
Link that replays current quiz
Next Quiz
Link to next quiz in quiz playlist
You Got
0%
They Got
Avg Score
41%
Avg Friend Score
Upgrade to see
Score Distribution
Jump to the score distribution portion of the page
Score
0/28
Timer
14:00
0
Plays Today
Song
Game
% Correct
2:00 -
2:15
Pokemon Red/Blue/Yellow
79.9%
0:00 -
0:15
Super Mario Land 2: 6 Golden Coins
70.9%
6:45 -
7:00
Pokemon Gold/Silver/Crystal
66.1%
1:00 -
1:15
The Legend of Zelda: Link's Awakening
61%
2:15 -
2:30
Mario Kart DS
59%
6:30 -
6:45
Animal Crossing: Wild World
53.8%
5:15 -
5:30
Fire Emblem
51.5%
4:15 -
4:30
Phoenix Wright: Ace Attorney
48.9%
1:30 -
1:45
Metroid Fusion
48.7%
3:15 -
3:30
Tetris
46.2%
4:45 -
5:00
WarioWare Touched!
45.8%
5:00 -
5:15
Super Mario Land
44.9%
0:15 -
0:30
The World Ends With You
43.4%
1:15 -
1:30
Elite Beat Agents
42.9%
Song
Game
% Correct
3:45 -
4:00
Kirby's Dream Land
41.9%
3:00 -
3:15
Professor Layton and the Curious Village
39.2%
1:45 -
2:00
Golden Sun
38.3%
0:45 -
1:00
WarioWare, Inc.: Mega Microgame$!
36.1%
6:15 -
6:30
Mario & Luigi: Superstar Saga
35.3%
3:30 -
3:45
New Super Mario Bros.
34.6%
5:30 -
5:45
Advance Wars
30.2%
0:30 -
0:45
Scribblenauts
30%
2:45 -
3:00
Mega Man Battle Network
26.2%
4:00 -
4:15
The Legend of Zelda: Oracle of Ages
24.5%
5:45 -
6:00
Kingdom Hearts: Chain of Memories
21.4%
2:30 -
2:45
Dragon Quest IX
17.4%
4:30 -
4:45
Castlevania: Aria of Sorrow
13.6%
6:00 -
6:15
Contra 4
6%
Quiz Playlist
Details
Report
Send in Message
Add To Playlist
Classic:
Type in answers that appear in a list
Forced Order:
Answers have to be entered in order
Last Updated: Feb 16, 2017
Curator Pick in
Console
Quiz Scoreboard
CHALLENGE
Sign Up to Join the Scoreboard
Show All
Scores
Hide
Comments
May contain spoilers
Recently Published
Holiday 10x10 Sorting Gallery
by lukepisani3
Holiday
15m
Two Season TV Shows II
by 123Four
Television
10m
Image Sorting: Flags VI
by Barbecue
Geography
2m
More to Explore
Quiz From the Vault
Featured Blog Post
14 Easter Pick-up Lines to Find Eggs With
hide this ad
You Might Also Like...
Tags
Console Quiz
Song Quiz
Advance
DS Games
Gameboy
gba
ultimate
Today's Top Quizzes in Gaming
Browse Gaming
hide this ad
Today's Top Quizzes in Console
Browse Console
Top Contributed Quizzes in Gaming
1
League of Legends Pro Players by Career/Team History
2
Genshin Impact Logic Puzzle
3
Destiny 2 exotic weapons by perk icons
4
Genshin murder mystery
5
4x4 Decades: Video Games
6
Genshin Impact Logic Puzzle Quiz
7
Ultimate Genshin Impact Logic Puzzle (up to 4.3)
8
Dead By Daylight Logic Puzzle
9
Who's on the WWE 2K24 Cover?
10
Overwatch Logic Puzzle
Explore More
Trending Topics
Marvel
Crossword
Anime
Kpop
Harry Potter
Disney
NBA
Country
NFL
Puzzle
Soccer
Song
WWE
The Office
Pokémon
hide this ad
More By:
grapefruitking
Quiz
Plays
Rating
Category
Featured
Created
Movies of 1995
225,823
4.39
Movies
Mar 28, 2012
Movies of 1998
169,886
4.41
Movies
Apr 10, 2012
Movies of 1997
167,120
4.34
Movies
Apr 4, 2012
Movies of 1999
165,885
4.48
Movies
Apr 16, 2012
Movies of 2000
154,134
4.34
Movies
Apr 21, 2012
Go to Creator's Profile
Score Distribution
Quiz Creator Spotlight
grapefruitking
Follow
Send a Message
Quizzes Created
-
Created Quiz Play Count
-
More By This Creator
Popular Quizzes Today
1
Find the US States - No Outlines Minefield
2
Colored Red Africa Blitz
3
Find the 'City' Movie
4
The Countries of the World
5
5x2 Blitz: Bands
6
Find the Countries of Europe - No Outlines Minefield
7
Find the US States
8
US States
More Gaming Quizzes
World of Warcraft: Kul Tiran Human Classes
Quiz Lab
Trending Quizzes
Colored Red Europe Blitz I
Colored Red Africa Blitz II
Colored Red Europe Blitz II
Even More Two Season TV Shows
Colored Red Africa Blitz III
Recently Updated
Quick Pick: 20 Twenties
pecheneg
March Madness Men's Triple Doubles
pecheneg
How Do You Spell That?
pecheneg
Godzilla Movies
pecheneg
Grab Bag: 4-10 Letters
pecheneg
2024 March Madness Bracket
pecheneg
Famous TV Couples
Peacemaker
Champions League XIs: Real Madrid
pecheneg
Largest US Cities 1790-2010
pecheneg
Rides in Walt Disney World
pecheneg
Trending Topics
Marvel
Disney
Harry Potter
NBA
Anime
Kpop
Crossword
Song
Soccer
Puzzle
WWE
Pokémon
The Office
Country
NFL
Your Account Isn't Verified!
In order to create a playlist on Sporcle, you need to verify the email address you used during registration. Go to your
Sporcle Settings
to finish the process.
Report this User
Report this user for behavior that violates our
Community Guidelines
.
Details:
Send Report
Go to the Sporcle.com Mobile Site →
Comments